Les signes du zodiaque dans d'autres langues - Statistiques

Statistiques générales
  • Ce quiz a été pris 34 fois
  • Le résultat moyen est 15 sur 48
Statistiques - réponses
Signe Traduction % Correct
Anglais Scorpion Scorpio
86%
Anglais Taureau Taurus
83%
Anglais Vierge Virgo
83%
Anglais Cancer Cancer
79%
Anglais Gémeaux Gemini
76%
Anglais Lion Leo
72%
Anglais Poissons Pisces
72%
Anglais Bélier Aries
69%
Anglais Capricorne Capricorn
66%
Anglais Sagittaire Sagittarius
66%
Anglais Balance Libra
62%
Anglais Verseau Aquarius
59%
Espagnol Cancer Cancer
34%
Espagnol Lion Leo
34%
Espagnol Vierge Virgo
31%
Italien Lion Leone
24%
Italien Taureau Toro
24%
Italien Capricorne Capricorno
21%
Allemand Poissons Fische
21%
Allemand Vierge Jungfrau
21%
Espagnol Balance Libra
21%
Allemand Lion Löwe
21%
Espagnol Sagittaire Sagitario
21%
Italien Sagittaire Sagittario
21%
Allemand Scorpion Skorpion
21%
Espagnol Taureau Tauro
21%
Allemand Verseau Wassermann
21%
Espagnol Bélier Aries
17%
Espagnol Capricorne Capricorno
17%
Espagnol Scorpion Escorpio
17%
Allemand Cancer Krebs
17%
Italien Poissons Pesci
17%
Allemand Sagittaire Schütze
17%
Italien Scorpion Scorpione
17%
Allemand Capricorne Steinbock
17%
Allemand Taureau Stier
17%
Allemand Balance Waage
17%
Allemand Bélier Widder
17%
Allemand Gémeaux Zwillinge
17%
Italien Balance Bilancia
14%
Italien Cancer Cancro
14%
Italien Gémeaux Gemelli
14%
Italien Vierge Vergine
14%
Italien Verseau Acquario
10%
Italien Bélier Ariete
10%
Espagnol Gémeaux Geminis
7%
Espagnol Poissons Piscis
7%
Espagnol Verseau Acuaro
0%
Aucun quiz correspondant
Distribution des résultats
% des personnes avec chaque résultat
Percentile par nombre de réponses
Votre historique - résultats
Vous n’avez pas pris ce quiz